World famous folk tales
| Format: | Book |
|---|---|
| Published: |
Kuala Lumpur :
System Publishing ,
19--
|
| Subjects: |
MARC
| LEADER | 00000cam a2200000 7i4500 | ||
|---|---|---|---|
| 001 | 0000008110 | ||
| 002 | 000008849 | ||
| 005 | 20000330.0 | ||
| 020 | |a 9839024272 | ||
| 090 | 0 | 0 | |a 398.2 |b WOR |
| 245 | 0 | 0 | |a World famous folk tales |
| 260 | |a Kuala Lumpur : |b System Publishing , |c 19-- | ||
| 300 | |a 48 p. : |b ill. ; |c 23 cm. | ||
| 650 | 0 | 0 | |a Folk literature |
| 999 | |a 048414 |b BUKU |c PINJAMAN |e PERPUSTAKAAN KOMUNITI PETALING JAYA | ||